Word Addition Click Quiz #9 - Statistics

General Stats
  • This quiz has been taken 3,334 times
    978 since last reset
  • The average score is 16 of 20
Answer Stats
Hint Extra Hint Answer % Correct
THRESH + OLD
91%
EN + CODE
89%
PER + PLEX
89%
LIKE + WISE
89%
OP + ERA
87%
BA + SIC
87%
MASS + AGES
85%
HIP + PIE
84%
NOT + ICE
83%
TA + XI
83%
HUM + ID
82%
TOR + SO
82%
MO + VIE
82%
DISC + OVER
80%
REP + AID
78%
PINS + TRIPE
78%
COR + NET
76%
MICROS + WITCH
75%
REB + RANCH
71%
PRO + OF
68%
No matching quizzes found
Score Distribution
Percent of People with Each Score
Percentile by Number Answered
Your Score History
You have not taken this quiz since the last reset